000 04294nam a22003617a 4500
001 103431
003 KnowledgeUnlatched
005 20210303104840.0
006 m o d
007 cr u||||||||||
008 210129p20132017miu o u00| u eng d
035 _a(OCoLC)862373069
037 _5BiblioBoard
245 0 0 _aPassionate Amateurs
_bTheatre, Communism and Love /
_cNicholas Ridout.
020 _a9780472119073
029 1 _ahttps://library.biblioboard.com/ext/api/media/1004053b-1f89-4c3e-a3a1-a42613b1f6b1/assets/thumbnail.jpg
040 _aScCtBLL
_cScCtBLL
100 1 _aRidout, Nicholas
_eauthor.
264 1 _bUniversity of Michigan Press,
300 _a1 online resource (216 p.)
506 0 _aAccess copy available to the general public.
_fUnrestricted
_2star
520 _aBeginning with Chekhov's Uncle Vanya, Passionate Amateurs tells a new story about modern theater: the story of a romantic attachment to theater's potential to produce surprising experiences of human community. Ridout argues that theater in modern capitalism can help us think afresh about notions of work, time, and freedom.Passionate Amateurs tells a new story about modern theater: the story of a romantic attachment to theater's potential to produce surprising experiences of human community. It begins with one of the first great plays of modern European theater- Chekhov's Uncle Vanya in Moscow- and then crosses the 20th and 21st centuries to look at how its story plays out in Weimar Republic Berlin, in the Paris of the 1960s, and in a spectrum of contemporary performance in Europe and the United States. This is a work of historical materialist theater scholarship, which combines a materialism grounded in a socialist tradition of cultural studies with some of the insights developed in recent years by theorists of affect, and addresses some fundamental questions about the social function and political potential of theater within modern capitalism. Passionate Amateurs argues that theater in modern capitalism can help us think afresh about notions of work, time, and freedom. Its title concept is a theoretical and historical figure, someone whose work in theater is undertaken within capitalism, but motivated by a love that desires something different. In addition to its theoretical originality, it offers a significant new reading of a major Chekhov play, the most sustained scholarly engagement to date with Benjamin's Program for a Proletarian Children's Theatre, the first major consideration of Godard's La chinoise as a "theatrical" work, and the first chapter-length discussion of the work of The Nature Theatre of Oklahoma, an American company rapidly gaining a profile in the European theater scene. Passionate Amateurs contributes to the development of theater and performance studies in a way that moves beyond debates over the differences between theater and performance in order to tell a powerful, historically grounded story about what theater and performance are for in the modern world.“Reading a suggestively diverse set of modern performances, and setting those performances within a clear and well-defined theoretical/critical project, Ridout attempts to use the "passionate amateur" at once the spectator, the scholar, and to some extent the characters in the plays, as a critical category disrupting the otherwise fully commodified communication of leisure products... Passionate Amateurs is wholly original, intellectually and critically stimulating, and certain to develop not only discussion but also to lead to a series of important questions in contemporary theatre and performance studies scholarship.
588 0 _aDescription based on print version record.
590 _aKnowledge Unlatched Pilot Collection
650 7 _aPerforming Arts
_2bisacsh
650 0 _aPerforming arts
655 0 _aElectronic books.
758 _iIs found in:
_aKnowledge Unlatched
_1https://openresearchlibrary.org/module/2774bc74-146a-484f-a7ba-ab1d6a09bbfb
856 4 0 _uhttps://openresearchlibrary.org/content/1004053b-1f89-4c3e-a3a1-a42613b1f6b1
_zView this content on Open Research Library.
_70
999 _c24395
_d24395